One-Word Countries With Highest Scrabble Value - Statistics

General Stats
  • This quiz has been taken 1,142 times
    476 since last reset
  • The average score is 10 of 17
Answer Stats
points country % Correct
26 Zimbabwe
78%
30 Kazakhstan
75%
25 Uzbekistan
75%
18 Turkmenistan
73%
34 Mozambique
72%
30 Kyrgyzstan
71%
21 Tajikistan
70%
19 Zambia
67%
18 Afghanistan
63%
28 Azerbaijan
59%
21 Venezuela
56%
22 Luxembourg
54%
24 Switzerland
51%
18 Liechtenstein
45%
20 Philippines
31%
18 Jamaica
23%
18 Seychelles
17%
No matching quizzes found
Score Distribution
Percent of People with Each Score
Percentile by Number Answered
Your Score History
You have not taken this quiz since the last reset